What is sexual harassment? : from Capitol Hill to the Sorbonne /

Bibliographic Details
Main Author: Saguy, Abigail Cope, 1970-
Corporate Author: NetLibrary, Inc
Format: eBook
Language:English
Published: Berkeley : University of California Press, [2003]
Subjects:
Online Access:Connect to the full text of this electronic book

MARC

Tag First Indicator Second Indicator Subfields
LEADER 00000cam a22000004a 4500
001 in00002007253
005 20220105141921.0
006 m d
007 cr cnu---unuuu
008 040727s2003 caua sb s001 0 eng d
020 |a 1417525355 (electronic bk.) 
035 |a (OCoLC)ocm56029943 
040 |a N$T  |c N$T  |d UtOrBLW 
043 |a n-us---  |a e-fr--- 
049 |a IKMN 
050 1 4 |a KF3467  |b .S24 2003eb 
082 0 4 |a 344.7301/4133  |2 22 
100 1 |a Saguy, Abigail Cope,  |d 1970-  |0 http://id.loc.gov/authorities/names/no00001020 
245 1 0 |a What is sexual harassment? :  |b from Capitol Hill to the Sorbonne /  |c Abigail C. Saguy. 
264 1 |a Berkeley :  |b University of California Press,  |c [2003] 
264 4 |c ©2003 
300 |a xvii, 235 pages :  |b illustrations ;  |c 24 cm. 
336 |a text  |b txt  |2 rdacontent 
337 |a computer  |b c  |2 rdamedia 
338 |a online resource  |b cr  |2 rdacarrier 
504 |a Includes bibliographical references (pages 209-222) and index. 
505 0 |a Introduction : the making of a concept -- Sexual harassment law on the books : opportunity loss v. violence -- Sexual harassment law in action : legitimacy and liability -- Sexual harassment in the press : national scandal, pride, or superiority? -- Discrimination, violence, professionalism, and the bottom line : how interview respondents frame sexual harassment -- Conclusion : institutions, framing, and political power. 
533 |a Electronic reproduction.  |b Boulder, Colo. :  |c NetLibrary,  |d 2004.  |n Available via World Wide Web.  |n Access may be limited to NetLibrary affiliated libraries. 
500 |a Electronic resource. 
650 0 |a Sexual harassment  |x Law and legislation  |z United States.  |0 http://id.loc.gov/authorities/subjects/sh2008111586 
650 0 |a Sexual harassment  |x Law and legislation  |z France. 
650 0 |a Sexual harassment  |z United States.  |0 http://id.loc.gov/authorities/subjects/sh2010112867 
650 0 |a Sexual harassment  |z France. 
655 7 |a Electronic books.  |2 local 
710 2 |a NetLibrary, Inc.  |0 http://id.loc.gov/authorities/names/no99080690 
776 1 |c Original  |z 0520237404  |z 0520237412  |w (DLC) 2002153268  |w (OCoLC)50982344 
856 4 1 |u https://proxy.library.tamu.edu/login?url=http://www.netLibrary.com/urlapi.asp?action=summary&v=1&bookid=108545  |z Connect to the full text of this electronic book  |t 0 
994 |a 92  |b IKM 
999 |a MARS 
999 f f |s 9e58f6d9-7225-37d6-bd2a-6d5ee1e1663d  |i 42eeeb1c-5ff1-303f-b8d5-42a693db1c22  |t 0 
952 f f |a Texas A&M University  |b College Station  |c Electronic Resources  |d Available Online  |t 0  |e KF3467 .S24 2003eb  |h Library of Congress classification 
998 f f |a KF3467 .S24 2003eb  |t 0  |l Available Online